00759nam a2200217 a 450000100060000000300080000600500170001400800410003103500190007204000490009104100080014008200260014824500660017426000360024030000330027641001180030950000190042765000250044670000200047183000500049166565BD-RjUL20211209081545.0810815s1961 xx a 001 0 eng  a(BD-RjUL)66695 aDLCcDNLMdFMUdInU-DdUkdDLCdBD-RjULbeng aeng 223a616.025bMAN 196110aManagement of medical emergencies /cedited by John C. Sharpe aNew York :bMcGraw-Hill,cc1961 axiv, 354 p. :bill.,c21 cm.20aUniversity of California (Los Angeles).bSchool of Medicine.bMedical Extension.tMedical extension series,vv. 5 aIncludes index 0aMedical emergencies.1 aSharpe, John C. aUniversity of California (Los Angeles).vv. 5